[Event "PRO League Group Stage"]
[Site "chess.com INT"]
[Date "2019.01.08"]
[Round "1"]
[White "Van Kampen, Robin"]
[Black "Shetty, Atulya"]
[Result "1-0"]
[WhiteTitle "GM"]
[BlackTitle "IM"]
[WhiteElo "2658"]
[BlackElo "2401"]
[WhiteTeam "Montreal Chessbrahs"]
[BlackTeam "Pittsburgh Pawngrabbers"]
[WhiteFideId "1020854"]
[BlackFideId "2031213"]
[EventDate "2019.01.08"]

1. e4 e6 2. d4 d5 3. Nd2 c5 4. exd5 Qxd5 5. dxc5 Qxc5 6. Ngf3 Nf6 7. Bd3 Be7 8.
O-O Nbd7 9. Qe2 O-O 10. Ne4 Qc7 11. Bg5 h6 12. Bh4 Nd5 13. Bg3 e5 14. Rfe1 Nf4
15. Bxf4 exf4 16. Nc3 Bf6 17. Nd5 Qd6 18. Rad1 Nc5 19. Bc4 Na4 20. Bb3 Nc5 21.
Qc4 Nxb3 22. axb3 b5 23. Qxb5 Ba6 24. Qa5 Bd8 25. Qd2 Kh8 26. Ne5 Bb7 27. Nxf4
Qxd2 28. Rxd2 Bg5 29. g3 Rae8 30. Nxf7+ Kg8 31. Ne5 Bxf4 32. gxf4 Rxf4 33. h3
Rf6 34. Rde2 Bc8 35. Ng4 Rfe6 36. Rxe6 Bxe6 37. Kh2 Kf7 38. Kg3 Rc8 39. c4 Rb8
40. Re3 a5 41. Ne5+ Kf6 42. Nc6 Ra8 43. Nd4 Bf7 44. Rf3+ Kg6 45. Nc6 Be6 46.
Ne5+ Kh7 47. Rd3 Rb8 48. Nc6 Ra8 49. Rd6 Bf5 50. Nd4 Bg6 51. f4 Bb1 52. Rd7 Re8
53. f5 Re3+ 54. Kf2 Re4 55. Ne6 Re5 56. Nxg7 Kh8 57. Kg3 Re3+ 58. Kf4 Rxb3 59.
Nh5 Rxb2 60. Nf6 Rf2+ 61. Ke3 Bxf5 62. Kxf2 a4 63. Ra7 1-0

[Event "PRO League Group Stage"]
[Site "chess.com INT"]
[Date "2019.01.08"]
[Round "1"]
[White "Caruana, Fabiano"]
[Black "Edouard, Romain"]
[Result "1-0"]
[WhiteTitle "GM"]
[BlackTitle "GM"]
[WhiteElo "2828"]
[BlackElo "2643"]
[WhiteTeam "Saint Louis Arch Bishops"]
[BlackTeam "London Lions"]
[WhiteFideId "2020009"]
[BlackFideId "633429"]
[EventDate "2019.01.08"]

1. e4 c5 2. Nf3 d6 3. d4 cxd4 4. Nxd4 Nf6 5. Nc3 g6 6. Be3 Bg7 7. f3 Nc6 8. Qd2
O-O 9. O-O-O d5 10. exd5 Nxd5 11. Nxc6 bxc6 12. Bd4 Bxd4 13. Qxd4 Qb6 14. Na4
Qc7 15. Nc5 Rd8 16. Bc4 Bf5 17. Bb3 h5 18. Kb1 Qf4 19. Nb7 Qxd4 20. Rxd4 Rd7 21.
Na5 e5 22. Rdd1 Ne3 23. Rxd7 Bxd7 24. g3 Re8 25. Re1 Nf5 26. c3 Kf8 27. Ba4 Re6
28. Nb7 Be8 29. b4 f6 30. Nc5 Re7 31. Rd1 g5 32. Rd8 Kg7 33. Bb3 g4 34. fxg4
hxg4 35. Kc1 Ne3 36. Be6 f5 37. Kd2 f4 38. Ke2 Bf7 39. Rd6 Nd5 40. Rxc6 Nxc3+
41. Kd2 Nxa2 42. b5 f3 43. Bxg4 e4 44. Ne6+ Kf6 45. Nf4+ Kg5 46. Bc8 e3+ 47. Ke1 1-0

[Event "PRO League Group Stage"]
[Site "chess.com INT"]
[Date "2019.01.08"]
[Round "1"]
[White "So, Wesley"]
[Black "Movsesian, Sergei"]
[Result "1/2-1/2"]
[WhiteTitle "GM"]
[BlackTitle "GM"]
[WhiteElo "2765"]
[BlackElo "2629"]
[WhiteTeam "Saint Louis Arch Bishops"]
[BlackTeam "London Lions"]
[WhiteFideId "5202213"]
[BlackFideId "310204"]
[EventDate "2019.01.08"]

1. e4 c5 2. Nf3 e6 3. d4 cxd4 4. Nxd4 Nc6 5. Nc3 a6 6. g3 d6 7. Nxc6 bxc6 8. Bg2
Qc7 9. O-O Nf6 10. Na4 Bb7 11. c4 c5 12. Nc3 Nd7 13. f4 Be7 14. Be3 O-O 15. Qd2
Rad8 16. Rad1 Nb8 17. g4 Nc6 18. g5 Rfe8 19. f5 Bf8 20. b3 Ne5 21. Bf4 Nc6 22.
f6 g6 23. Qf2 Nd4 24. Rd3 Bc8 25. Be3 e5 26. Nd5 Qb7 27. Qh4 Be6 28. Nc3 Qd7 29.
Bd2 Qb7 30. Bh3 Rd7 31. Bg4 a5 32. Rh3 h6 33. Nd5 a4 34. Bxe6 Nxe6 35. Ne7+
Rdxe7 36. fxe7 Rxe7 37. gxh6 Kh7 38. bxa4 Nd4 39. Be3 Rd7 40. Bxd4 cxd4 41. Rhf3
Qa7 42. Qf2 f5 43. exf5 g5 44. f6 e4 45. Rg3 d3 46. Qxa7 Rxa7 47. f7 Kxh6 48.
Re3 d5 49. cxd5 Rxa4 50. Rfe1 Kg7 51. Kg2 Rxa2+ 52. Kh3 Ra3 53. Rf1 Ra4 54. Kg4
Rd4 55. Kf5 Rxd5+ 56. Kxe4 Rd7 57. Rxd3 Re7+ 58. Kd5 Rd7+ 59. Kc4 Rc7+ 60. Kb3
Rxf7 61. Rxf7+ Kxf7 62. Rf3+ Kg7 63. Kc4 Bd6 64. h3 Kg6 65. Kd5 Bf4 66. Ke4 Kh5
67. Kd3 Kh4 68. Ke2 Bg3 69. Rf5 Bf4 70. Rxg5 Bxg5 71. Kf3 Kxh3 1/2-1/2

[Event "PRO League Group Stage"]
[Site "chess.com INT"]
[Date "2019.01.08"]
[Round "1"]
[White "Tan, Justin2"]
[Black "Niemann, Hans"]
[Result "0-1"]
[WhiteTitle "GM"]
[BlackTitle "IM"]
[WhiteElo "2502"]
[BlackElo "2466"]
[WhiteTeam "London Lions"]
[BlackTeam "Saint Louis Arch Bishops"]
[WhiteFideId "3206882"]
[BlackFideId "2093596"]
[EventDate "2019.01.08"]

1. a3 Nf6 2. Nf3 g6 3. b4 Bg7 4. Bb2 O-O 5. e3 d6 6. d4 e5 7. dxe5 Ng4 8. Be2
Nc6 9. O-O Ngxe5 10. Qc1 a5 11. b5 Nxf3+ 12. Bxf3 Ne5 13. Be2 Qh4 14. Nd2 Bg4
15. Bxg4 Qxg4 16. h3 Qa4 17. Bxe5 Bxe5 18. Rb1 c6 19. c4 Rfc8 20. f4 Bg7 21. Ne4
Rd8 22. Rd1 cxb5 23. Rxb5 Rac8 24. Rxd6 Rxd6 25. Nxd6 Rd8 26. Rd5 Bf8 27. Qd2
Qxa3 28. Nxf7 Rxd5 29. Nh6+ Kg7 30. cxd5 Kxh6 31. e4 Bc5+ 32. Kh1 Be3 33. Qe1
Qc1 34. Qxc1 Bxc1 35. g3 Kg7 36. d6 Kf7 37. e5 a4 0-1

[Event "PRO League Group Stage"]
[Site "chess.com INT"]
[Date "2019.01.08"]
[Round "1"]
[White "Royal, Shreyas"]
[Black "Rosenthal, Nicholas"]
[Result "0-1"]
[WhiteTitle "CM"]
[WhiteElo "1892"]
[BlackElo "2180"]
[WhiteTeam "London Lions"]
[BlackTeam "Saint Louis Arch Bishops"]
[WhiteFideId "448869"]
[BlackFideId "2045150"]
[EventDate "2019.01.08"]

1. d4 e6 2. Nf3 d5 3. c4 c6 4. Qc2 f5 5. Bg5 Nf6 6. Nbd2 Be7 7. g3 O-O 8. Bxf6
Bxf6 9. Bg2 g6 10. O-O Nd7 11. Rac1 Bg7 12. Rfd1 Nf6 13. Ne5 Qd6 14. Ndf3 Ne4
15. c5 Qc7 16. b4 Bd7 17. Nd3 Be8 18. Nfe5 Nf6 19. f3 Nd7 20. Nxd7 Bxd4+ 21. Kh1
Qxd7 22. e4 fxe4 23. fxe4 Bg7 24. exd5 exd5 25. b5 g5 26. Nb4 Qg4 27. Qb3 Kh8
28. h3 Qh5 29. Re1 Bd7 30. Kh2 Bxh3 31. Bxh3 g4 32. Re7 Qxh3+ 33. Kg1 Bd4+ 0-1

[Event "PRO League Group Stage"]
[Site "chess.com INT"]
[Date "2019.01.08"]
[Round "1"]
[White "Iturrizaga Bonelli, Eduardo"]
[Black "Le, Quang Liem"]
[Result "1-0"]
[WhiteTitle "GM"]
[BlackTitle "GM"]
[WhiteElo "2637"]
[BlackElo "2714"]
[WhiteTeam "Miami Champions"]
[BlackTeam "Webster Windmills"]
[WhiteFideId "3901211"]
[BlackFideId "12401137"]
[EventDate "2019.01.08"]

1. Nf3 c5 2. c4 Nc6 3. Nc3 Nf6 4. d4 cxd4 5. Nxd4 e6 6. a3 Bc5 7. Nb3 Bb6 8. Bf4
d5 9. e3 O-O 10. Be2 h6 11. O-O e5 12. Bg3 d4 13. exd4 exd4 14. Nb5 Be6 15. Nd6
Qe7 16. Bf3 Nd7 17. Bxc6 bxc6 18. Nxd4 Bxd4 19. Qxd4 Qf6 20. Qxf6 Nxf6 21. b4
Ne8 22. Rfd1 Nxd6 23. Rxd6 Bxc4 24. Rxc6 Rfc8 25. Bc7 Bb5 26. Rc5 Ba4 27. Rac1
a6 28. h3 Re8 29. Ra5 Bd7 30. Rd1 Bb5 31. a4 Bc6 32. Rd6 Re6 33. Rxe6 fxe6 34.
Be5 Bb7 35. f3 Rc8 36. b5 Ra8 37. bxa6 Rxa6 38. Rc5 g6 39. Rc7 Bd5 40. Rg7+ Kf8
41. Rxg6 Rxa4 42. Rxh6 Ra2 43. Rh7 Re2 44. Bf6 Bc4 45. h4 e5 46. Re7 e4 47. Rxe4
Rxe4 48. fxe4 Kf7 49. e5 Kg6 50. Kf2 Be6 51. Ke3 Kh5 52. Kd4 Kg6 53. Kc5 Bg4 54.
Kd6 Kf7 55. Bg5 1-0

[Event "PRO League Group Stage"]
[Site "chess.com INT"]
[Date "2019.01.08"]
[Round "1"]
[White "Sethuraman, S.P."]
[Black "Nyzhnyk, Illya"]
[Result "0-1"]
[WhiteTitle "GM"]
[BlackTitle "GM"]
[WhiteElo "2665"]
[BlackElo "2624"]
[WhiteTeam "Miami Champions"]
[BlackTeam "Webster Windmills"]
[WhiteFideId "5021596"]
[BlackFideId "14118084"]
[EventDate "2019.01.08"]

1. e4 c6 2. d4 d5 3. e5 Bf5 4. Nf3 e6 5. Be2 Ne7 6. O-O c5 7. Na3 Nec6 8. c4
dxc4 9. Bg5 Qd7 10. dxc5 Bxc5 11. Nxc4 O-O 12. a3 Nd4 13. Nxd4 Bxd4 14. Bf3 Nc6
15. Rc1 h6 16. Bh4 g5 17. Bg3 Rfd8 18. Kh1 Bc5 19. Qxd7 Rxd7 20. Bxc6 bxc6 21.
b4 Bf8 22. Nd6 Bxd6 23. exd6 Be4 24. Rc5 f6 25. f4 Rxd6 26. Re1 gxf4 27. Bxf4
Rd3 28. Kg1 Bd5 29. Re3 Rd1+ 30. Kf2 Kf7 31. Rg3 e5 32. Bxh6 Rh8 33. Rh3 Ra1 34.
Rc2 Be6 35. Rh4 Rxa3 36. Rxc6 Ra2+ 37. Ke3 Bd5 38. Rc7+ Ke6 39. g3 Rd8 40. Rc3
Bb7 41. Rd3 Rc8 42. Rd2 Ra3+ 43. Ke2 Rcc3 44. Bg7 Ba6+ 45. Ke1 Re3+ 46. Kf2 Rf3+
47. Kg2 Bf1+ 48. Kg1 Ra1 49. h3 Rxg3+ 50. Kh2 Rxg7 51. Rf2 Bb5 52. Rh6 Rf7 53.
h4 Rf1 54. Rxf1 Bxf1 55. Rh8 Rd7 56. Re8+ Kf5 57. Kg3 Rg7+ 58. Kf2 Bd3 59. h5
Rh7 60. Rd8 Bb5 61. Rb8 a6 0-1

[Event "PRO League Group Stage"]
[Site "chess.com INT"]
[Date "2019.01.08"]
[Round "1"]
[White "Shimanov, Aleksandr"]
[Black "Miellier, Yan"]
[Result "1-0"]
[WhiteTitle "GM"]
[WhiteElo "2610"]
[BlackElo "2118"]
[WhiteTeam "Webster Windmills"]
[BlackTeam "Miami Champions"]
[WhiteFideId "4198603"]
[BlackFideId "14128764"]
[EventDate "2019.01.08"]

1. f4 d5 2. Nf3 c5 3. e3 Nc6 4. Bb5 Nf6 5. b3 Bd7 6. Bb2 e6 7. O-O Bd6 8. Bxc6
Bxc6 9. Ne5 Qc7 10. d3 b6 11. Nxc6 Qxc6 12. Nd2 O-O 13. Bxf6 gxf6 14. Qh5 Kg7
15. Rf3 Rh8 16. Qh4 Be7 17. f5 h5 18. fxe6 fxe6 19. Raf1 Rh6 20. e4 Kf7 21. Rg3
Ke8 22. Rg7 Bf8 23. Rg8 Kf7 24. Qg5 Qe8 25. exd5 exd5 26. c4 d4 27. Ne4 Rd8 28.
Rxf8+ Qxf8 29. Nxf6 Ke6 30. Nd5 Qxf1+ 31. Kxf1 Rf8+ 32. Kg1 Rh7 33. Qg6+ 1-0

[Event "PRO League Group Stage"]
[Site "chess.com INT"]
[Date "2019.01.08"]
[Round "1"]
[White "Grabinsky, Joshua"]
[Black "Katz, Alexander"]
[Result "0-1"]
[WhiteTitle "CM"]
[BlackTitle "IM"]
[WhiteElo "2078"]
[BlackElo "2433"]
[WhiteTeam "Webster Windmills"]
[BlackTeam "Miami Champions"]
[WhiteFideId "30919754"]
[BlackFideId "2039796"]
[EventDate "2019.01.08"]

1. d4 d6 2. Nf3 Nd7 3. e4 Ngf6 4. Nc3 e5 5. Be2 Be7 6. O-O O-O 7. h3 c6 8. a4
Re8 9. dxe5 dxe5 10. Bc4 Qc7 11. Ng5 Rf8 12. Qe2 h6 13. Nf3 Nc5 14. Rd1 Ne6 15.
Be3 Bb4 16. Na2 Ba5 17. b4 Bb6 18. Nc3 Re8 19. a5 Bxe3 20. Qxe3 Nf4 21. Ne2 N6h5
22. Rd2 Qe7 23. c3 Be6 24. Bxe6 Qxe6 25. Rad1 Qg6 26. Nxf4 Nxf4 27. Nh4 Qg5 28.
Qg3 Qxg3 29. fxg3 Ne6 30. Rd7 b6 31. a6 Red8 32. Nf5 Kf8 33. Rxd8+ Rxd8 34.
Rxd8+ Nxd8 35. Nd6 Ne6 36. c4 Nc7 37. b5 cxb5 38. cxb5 g6 39. Kf2 Kg7 40. Nc4
Kf6 41. Na3 Ke6 42. Ke3 Kd6 43. Nc4+ Ke6 44. Na3 f5 45. g4 fxe4 46. Kxe4 Ne8 47.
Nc4 Nd6+ 48. Nxd6 Kxd6 49. g3 Ke6 50. h4 Kd6 51. h5 g5 52. Kf5 Kd5 53. Kg6 e4
54. Kxh6 e3 55. Kg7 e2 56. h6 e1=Q 57. h7 Qe7+ 58. Kg8 Qe8+ 59. Kg7 Qxb5 60.
h8=Q Qb2+ 0-1

[Event "PRO League Group Stage"]
[Site "chess.com INT"]
[Date "2019.01.08"]
[Round "1"]
[White "Demchenko, Anton"]
[Black "Lenderman, Aleksandr"]
[Result "1-0"]
[WhiteTitle "GM"]
[BlackTitle "GM"]
[WhiteElo "2679"]
[BlackElo "2637"]
[WhiteTeam "New York Marshalls"]
[BlackTeam "Montclair Sopranos"]
[WhiteFideId "4160258"]
[BlackFideId "2021285"]
[EventDate "2019.01.08"]

1. e4 e6 2. d4 d5 3. Nd2 c5 4. exd5 Qxd5 5. dxc5 Bxc5 6. Ngf3 Nf6 7. Bd3 O-O 8.
O-O b6 9. Qe2 Bb7 10. Nb3 Be7 11. Bf4 Qh5 12. c3 Nbd7 13. Rfe1 Nc5 14. Nxc5 Bxc5
15. Bg3 Rfd8 16. Rad1 Bd5 17. a3 Bd6 18. Bxd6 Rxd6 19. Ne5 Rad8 20. Qxh5 Nxh5
21. Bxh7+ Kf8 22. Bc2 Nf4 23. f3 Bb7 24. Rxd6 Rxd6 25. Rd1 Rxd1+ 26. Bxd1 f6 27.
Nc4 Ke7 28. Bc2 g5 29. Kf2 Ba6 30. Ne3 f5 31. g3 Nh5 32. g4 fxg4 33. Nxg4 Kd6
34. Ke3 Nf4 35. Nf6 Ke5 36. Nh7 Nh3 37. Nxg5 Nxg5 38. f4+ Kf6 39. fxg5+ Kxg5 40.
Ke4 Kf6 41. h4 Bb7+ 42. Ke3 e5 43. b4 Bd5 44. Bd3 Bf7 45. c4 Be8 46. Be4 Bf7 47.
Bd5 Be8 48. c5 bxc5 49. bxc5 Bd7 50. h5 Bh3 51. h6 Kg6 52. c6 Kxh6 53. Ke4 Kg7
54. Kxe5 Kf8 55. Kd6 Ke8 56. c7 Bc8 57. Bc6+ Kf7 58. Bd7 1-0

[Event "PRO League Group Stage"]
[Site "chess.com INT"]
[Date "2019.01.08"]
[Round "1"]
[White "Azarov, Sergei"]
[Black "Firouzja, Alireza"]
[Result "1-0"]
[WhiteTitle "GM"]
[BlackTitle "GM"]
[WhiteElo "2575"]
[BlackElo "2618"]
[WhiteTeam "New York Marshalls"]
[BlackTeam "Montclair Sopranos"]
[WhiteFideId "13501470"]
[BlackFideId "12573981"]
[EventDate "2019.01.08"]

1. e4 c5 2. Nf3 Nc6 3. d4 cxd4 4. Nxd4 Nf6 5. Nc3 d6 6. Bg5 e6 7. Qd2 a6 8.
O-O-O Bd7 9. f4 Be7 10. Nf3 b5 11. Bxf6 gxf6 12. f5 Qb6 13. Kb1 O-O-O 14. g3 Kb8
15. fxe6 fxe6 16. Bh3 Na5 17. Qd3 b4 18. Ne2 Bb5 19. Qd4 Qc5 20. Nf4 e5 21. Qxc5
dxc5 22. Rxd8+ Bxd8 23. Nd5 Nc4 24. Rd1 Bc6 25. Nh4 a5 26. Nf5 a4 27. Bf1 Nb6
28. b3 Nxd5 29. exd5 Bd7 30. Bd3 c4 31. bxc4 Bb6 32. c3 bxc3 33. Kc2 e4 34. Bxe4
Re8 35. Rb1 Ka7 36. Nd6 Re7 37. Kxc3 Bc5 38. Nb7 Bf2 39. Nd8 Bb6 40. Ne6 Bxe6
41. dxe6 Rxe6 42. Kd3 f5 43. Bxf5 Re3+ 44. Kd2 Rf3 45. Bd3 Rf2+ 46. Be2 Rxh2 47.
Rb5 Bc7 48. c5 Bxg3 49. c6 Bf4+ 50. Kd3 Rh3+ 51. Kc4 Rh2 52. Rb7+ Ka8 53. Kd3
Rh3+ 54. Kd4 Rh4 55. Bf3 Bh2+ 56. Be4 a3 57. Rxh7 Bg1+ 58. Kd3 Rxh7 59. c7+ Ka7
60. c8=Q 1-0

[Event "PRO League Group Stage"]
[Site "chess.com INT"]
[Date "2019.01.08"]
[Round "1"]
[White "Barbosa, Oliver"]
[Black "Khamrakulov, Djurabek"]
[Result "1-0"]
[WhiteTitle "GM"]
[BlackTitle "GM"]
[WhiteElo "2552"]
[BlackElo "2503"]
[WhiteTeam "Montclair Sopranos"]
[BlackTeam "New York Marshalls"]
[WhiteFideId "5201640"]
[BlackFideId "14201143"]
[EventDate "2019.01.08"]

1. d4 Nf6 2. c4 e6 3. Nf3 c5 4. d5 b5 5. Bg5 b4 6. Nbd2 Be7 7. h4 d6 8. e4 e5 9.
Nh2 a5 10. Be2 Nbd7 11. g3 Ng8 12. Be3 a4 13. h5 Bg5 14. Ndf1 Bxe3 15. Nxe3 Ndf6
16. Qd3 Qe7 17. Nf3 Ng4 18. Nxg4 Bxg4 19. Nh4 Bxe2 20. Kxe2 Nh6 21. g4 a3 22. b3
Kd7 23. Rag1 g5 24. hxg6 fxg6 25. g5 Nf7 26. Qh3+ Kc7 27. Qe6 Rae8 28. Qxe7+
Rxe7 29. Rh3 Kd7 30. Rf3 Nd8 31. Rh1 Rg8 32. Ng2 Nf7 33. Rg3 Rg7 34. Ne3 Kd8 35.
Rhg1 Kc7 36. Rf3 Kd8 37. Rf6 Kc7 38. Kf3 Nd8 39. Ng4 Nf7 40. Ne3 Nd8 41. Kg3
Ref7 42. Ng4 Kd7 43. Rh1 Ke7 44. Rf1 Rf8 45. f4 exf4+ 46. R1xf4 Rgf7 47. e5 dxe5
48. d6+ Ke8 49. Nxe5 Rxf6 50. Rxf6 Rg8 51. Kf4 Rg7 52. Ke4 Nb7 53. Kd5 Na5 54.
d7+ Ke7 55. Re6+ 1-0

[Event "PRO League Group Stage"]
[Site "chess.com INT"]
[Date "2019.01.08"]
[Round "1"]
[White "Yip, Carissa"]
[Black "Xu, Grant"]
[Result "1-0"]
[WhiteTitle "FM"]
[WhiteElo "2279"]
[BlackElo "2207"]
[WhiteTeam "Montclair Sopranos"]
[BlackTeam "New York Marshalls"]
[WhiteFideId "2090732"]
[BlackFideId "2052318"]
[EventDate "2019.01.08"]

1. e4 e6 2. d4 d5 3. Nd2 Nf6 4. e5 Nfd7 5. Bd3 c5 6. c3 Nc6 7. Ne2 cxd4 8. cxd4
f6 9. exf6 Nxf6 10. O-O Bd6 11. Nf3 O-O 12. Bg5 Bd7 13. Rc1 Qc7 14. Bh4 Rae8 15.
Bg3 Bxg3 16. Nxg3 Qf4 17. Bb5 Ng4 18. Re1 Nce5 19. dxe5 Bxb5 20. h3 Nh6 21. Rc7
Rf7 22. Qc2 Bc6 23. Rxf7 Nxf7 24. Ne2 Qe4 25. Qc3 Qa4 26. Ned4 h6 27. b3 Qxa2
28. Ra1 Qxa1+ 29. Qxa1 Bd7 30. Qxa7 Nd8 31. Qb6 Kf7 32. Nb5 Ke7 33. Nd6 Rf8 34.
Qc5 b6 35. Nf5+ 1-0

[Event "PRO League Group Stage"]
[Site "chess.com INT"]
[Date "2019.01.08"]
[Round "1"]
[White "Van Kampen, Robin"]
[Black "Liang, Awonder"]
[Result "1/2-1/2"]
[WhiteTitle "GM"]
[BlackTitle "GM"]
[WhiteElo "2658"]
[BlackElo "2589"]
[WhiteTeam "Montreal Chessbrahs"]
[BlackTeam "Pittsburgh Pawngrabbers"]
[WhiteFideId "1020854"]
[BlackFideId "2056437"]
[EventDate "2019.01.08"]

1. e4 e5 2. Nf3 Nc6 3. Bb5 Nf6 4. O-O Nxe4 5. Re1 Nd6 6. Nxe5 Be7 7. Bf1 O-O 8.
d4 Nf5 9. Nf3 d5 10. c3 Bd6 11. Bd3 Re8 12. Rxe8+ Qxe8 13. Nbd2 f6 14. Nf1 Qf7
15. Qb3 Nce7 16. Bd2 c6 17. Re1 g5 18. Ng3 Ng7 19. c4 Rb8 20. Bb4 Bxb4 21. Qxb4
Be6 22. Qa5 dxc4 23. Qxa7 Rd8 24. Bf1 Ng6 25. Ne4 Bd5 26. Nfd2 b5 27. Qxf7+ Kxf7
28. a4 Ne6 29. axb5 cxb5 30. Nc3 Nxd4 31. Nxd5 Rxd5 32. Nxc4 Nf4 33. Ne3 Rc5 34.
Rd1 Nfe2+ 35. Kh1 Rc1 1/2-1/2

[Event "PRO League Group Stage"]
[Site "chess.com INT"]
[Date "2019.01.08"]
[Round "1"]
[White "Saric, Ivan"]
[Black "Shabalov, Alexander"]
[Result "1-0"]
[WhiteTitle "GM"]
[BlackTitle "GM"]
[WhiteElo "2690"]
[BlackElo "2529"]
[WhiteTeam "Montreal Chessbrahs"]
[BlackTeam "Pittsburgh Pawngrabbers"]
[WhiteFideId "14508150"]
[BlackFideId "2008572"]
[EventDate "2019.01.08"]

1. e4 c6 2. d4 d5 3. e5 Bf5 4. Nf3 e6 5. Be2 Nd7 6. O-O Bb4 7. c3 Ba5 8. Qb3 Rb8
9. Qa3 Bb6 10. c4 dxc4 11. Nbd2 Ne7 12. Nxc4 O-O 13. Bg5 f6 14. exf6 Nxf6 15.
Nd6 Bg4 16. Rad1 Ned5 17. h3 Bh5 18. Ne4 Qe8 19. Nxf6+ Nxf6 20. Bf4 Rd8 21. Bd6
Rf7 22. Rfe1 Nd5 23. Ng5 Rf6 24. Be5 Bxe2 25. Rxe2 Rf5 26. Ne4 Qg6 27. Ng3 Rf7
28. Rde1 Re8 29. Re4 h5 30. Bd6 Nf6 31. Rf4 Qg5 32. Qf3 Qd5 33. Be5 Qxf3 34.
Rxf3 h4 35. Ne4 Nxe4 36. Rxf7 Kxf7 37. Rxe4 Bd8 38. Rf4+ Kg8 39. Rg4 Re7 40.
Rxh4 Rd7 41. Rg4 Bb6 42. b4 a5 43. a3 axb4 44. axb4 Bc7 45. Bxc7 Rxc7 46. Kf1
Rd7 47. Ke2 Kf7 48. h4 Rd5 49. Kd3 Rf5 50. f3 Kf6 51. Kc4 Kf7 52. Rg5 Rf4 53. h5
b6 54. Kd3 Kf6 55. Re5 Rh4 56. b5 c5 57. g4 Rh1 58. g5+ Ke7 59. dxc5 bxc5 60.
Rxc5 Kd6 61. Rc6+ Kd7 62. Rc5 Rxh5 63. b6 Rh1 64. Rc7+ Kd6 65. Rxg7 Rb1 66. b7
Ke5 67. Rf7 1-0

[Event "PRO League Group Stage"]
[Site "chess.com INT"]
[Date "2019.01.08"]
[Round "1"]
[White "Bregadze, Levan"]
[Black "Eshleman, Brandon"]
[Result "1/2-1/2"]
[WhiteTitle "IM"]
[WhiteElo "2460"]
[BlackElo "1807"]
[WhiteTeam "Pittsburgh Pawngrabbers"]
[BlackTeam "Montreal Chessbrahs"]
[WhiteFideId "13603264"]
[BlackFideId "2617650"]
[EventDate "2019.01.08"]

1. d4 Nf6 2. c4 g6 3. Nc3 Bg7 4. e4 d6 5. Nf3 O-O 6. h3 c5 7. d5 a6 8. a4 e6 9.
Bd3 exd5 10. exd5 Re8+ 11. Be3 Nfd7 12. O-O Ne5 13. Nxe5 Bxe5 14. Qd2 Nd7 15.
Rae1 Bg7 16. b3 Ne5 17. Be2 f5 18. f4 Nd7 19. Bf2 Nf6 20. Bf3 Bd7 21. Rxe8+ Qxe8
22. Re1 Qf8 23. a5 Re8 24. Rxe8 Qxe8 25. Qe1 Kf7 26. Qxe8+ Bxe8 27. Be1 h6 28.
Ne2 Bd7 29. b4 Ba4 30. Nc1 Ne4 31. Bxe4 fxe4 32. bxc5 Bd4+ 33. Bf2 e3 34. Be1
Bxc5 35. Kf1 Bd1 36. Bc3 Ba3 37. Ke1 Bc2 38. Na2 Bb3 39. Bb4 Bxb4+ 40. Nxb4 Bxc4
41. Nc2 Bxd5 42. Nxe3 Ke6 43. Kd2 Bc6 44. Kc3 g5 45. g3 gxf4 46. gxf4 Kf6 47.
Kd4 Kg6 48. Nc4 Kf5 49. Ke3 Bg2 50. Nxd6+ Ke6 51. Ne4 Bxh3 52. Nc5+ Kf5 53. Nxb7
Bf1 54. Nd6+ Kg4 55. f5 Kg5 56. Ke4 Kf6 57. Kf4 h5 58. Ne4+ Kf7 59. Kg5 Bd3 60.
Ng3 h4 61. Kxh4 Bxf5 62. Nxf5 Ke6 63. Kg5 Kd5 1/2-1/2

[Event "PRO League Group Stage"]
[Site "chess.com INT"]
[Date "2019.01.08"]
[Round "1"]
[White "Shetty, Atulya"]
[Black "Hansen, Eric"]
[Result "0-1"]
[WhiteTitle "IM"]
[BlackTitle "GM"]
[WhiteElo "2401"]
[BlackElo "2615"]
[WhiteTeam "Pittsburgh Pawngrabbers"]
[BlackTeam "Montreal Chessbrahs"]
[WhiteFideId "2031213"]
[BlackFideId "2606771"]
[EventDate "2019.01.08"]

1. c4 Nf6 2. g3 c5 3. Bg2 Nc6 4. Nf3 g6 5. O-O Bg7 6. Nc3 d5 7. cxd5 Nxd5 8.
Nxd5 Qxd5 9. d3 O-O 10. Qc2 Bd7 11. Be3 b6 12. a3 Rac8 13. Rab1 Qh5 14. Qd2 a5
15. d4 Rfd8 16. d5 Bf5 17. Rbd1 Be4 18. Ng5 Bxg2 19. Kxg2 Nd4 20. Bxd4 cxd4 21.
e4 dxe3 22. Qxe3 Bf6 23. h4 h6 24. Nh3 Rd6 25. Rd3 Qf5 26. Rfd1 Rc5 27. Nf4 Be5
28. b3 Kg7 29. Ne2 Bf6 30. Qf3 Qxf3+ 31. Kxf3 b5 32. Nf4 a4 33. bxa4 bxa4 34.
Rb1 Rc4 35. Rb7 Kf8 36. Rb8+ Kg7 37. Rb7 Ra6 38. Ng2 h5 39. Ne3 Rc5 40. Rb4 Ra8
41. Ke4 Ra6 42. Nc4 Kh6 43. Nb6 g5 44. hxg5+ Kxg5 45. Nxa4 Rca5 46. Nb6 Rxa3 47.
Rxa3 Rxa3 48. Nd7 Bc3 49. Rb7 f5+ 50. Kf3 Bd4+ 51. Kg2 Ra2 52. Nf8 Kg4 53. Rxe7
Rxf2+ 54. Kh1 Kh3 55. Kg1 Rf3+ 56. Kh1 Rf1# 0-1

[Event "PRO League Group Stage"]
[Site "chess.com INT"]
[Date "2019.01.08"]
[Round "1"]
[White "Le, Quang Liem"]
[Black "Sethuraman, S.P."]
[Result "1/2-1/2"]
[WhiteTitle "GM"]
[BlackTitle "GM"]
[WhiteElo "2714"]
[BlackElo "2665"]
[WhiteTeam "Webster Windmills"]
[BlackTeam "Miami Champions"]
[WhiteFideId "12401137"]
[BlackFideId "5021596"]
[EventDate "2019.01.08"]

1. e4 e5 2. Bc4 Nf6 3. d3 Nc6 4. Nc3 Bb4 5. Ne2 d5 6. exd5 Nxd5 7. O-O Be6 8.
Bb3 O-O 9. Kh1 Qd7 10. Ne4 Be7 11. Ng5 Bxg5 12. Bxg5 Nb6 13. Be3 Bxb3 14. axb3
Nd5 15. Nc3 Ndb4 16. f4 Nd4 17. Rc1 Nbc6 18. fxe5 Nxe5 19. Ne4 b6 20. Qh5 f6 21.
Rf4 Ne6 22. Rh4 g5 23. Rh3 Ng6 24. Rf1 Nef4 25. Bxf4 Nxf4 26. Qf3 Nxh3 27. Nxf6+
Rxf6 28. Qxa8+ Kg7 29. Rxf6 Kxf6 30. gxh3 Qxh3 31. Qc6+ Qe6 32. Qxc7 Qe1+ 33.
Kg2 Qe2+ 34. Kg1 Qe1+ 35. Kg2 Qe2+ 36. Kg1 Qe1+ 37. Kg2 1/2-1/2

[Event "PRO League Group Stage"]
[Site "chess.com INT"]
[Date "2019.01.08"]
[Round "1"]
[White "Nyzhnyk, Illya"]
[Black "Iturrizaga Bonelli, Eduardo"]
[Result "1-0"]
[WhiteTitle "GM"]
[BlackTitle "GM"]
[WhiteElo "2624"]
[BlackElo "2637"]
[WhiteTeam "Webster Windmills"]
[BlackTeam "Miami Champions"]
[WhiteFideId "14118084"]
[BlackFideId "3901211"]
[EventDate "2019.01.08"]

1. d4 Nf6 2. Nf3 b6 3. Bf4 Bb7 4. e3 g6 5. Nbd2 Bg7 6. h3 O-O 7. Be2 c5 8. O-O
Nc6 9. c3 d6 10. Bh2 a6 11. a4 Qc7 12. Qb3 Rab8 13. Qa3 Rfc8 14. Rac1 Qd8 15.
Rfd1 Ra8 16. Qa2 cxd4 17. exd4 b5 18. Nf1 Qb6 19. Ne3 bxa4 20. Qxa4 Qxb2 21. Rb1
Qxe2 22. Rd2 Nxd4 23. Qxd4 Bxf3 24. Rxe2 Bxe2 25. c4 Rab8 26. Rxb8 Rxb8 27. f3
Rb3 28. Qa7 Bh6 29. f4 Bf8 30. Bg3 Ne4 31. Bh4 Nc5 32. Nd5 Rb7 33. Qa8 f6 34.
Bf2 Bxc4 35. Ne3 Bd3 36. Ng4 Be4 37. Qe8 Bd5 38. f5 g5 39. h4 Ne4 40. hxg5 Nxg5
41. Bd4 Rb4 42. Bxf6 Rxg4 43. Bxe7 Ne6 44. fxe6 Rf4 45. Bg5 1-0